| 000 | 00728nam0a22002411 4500 | ||
|---|---|---|---|
| 001 | rc\2247861 | ||
| 005 | 20250623004901.0 | ||
| 035 | _a(NLR Aleph) 006498548 | ||
| 090 |
_a6206966 _c6206966 |
||
| 100 | _a20110829d1978 |||y0rusy50 ca | ||
| 101 | 0 | _arus | |
| 102 | _aRU | ||
| 105 | _aa z ||||| | ||
| 200 | 1 | _aПрактикум по физике полупроводниковых приборов | |
| 210 |
_aТомск _cИзд-во ТГУ _d1978 |
||
| 215 |
_a72 с. _cил. _d20 |
||
| 320 | _aБиблиогр. в конце работ | ||
| 700 | 1 |
_aГаман _bВ.И. _gВасилий Иванович |
|
| 801 | 0 |
_aRU _bNLR _gpsbo |
|
| 801 | 1 |
_aRU _bELAR _2rusmarc |
|
| 852 |
_aNLR _j79-4/7734 |
||
| 942 | _cBOOK | ||
| 980 | _aNB | ||